Statistiche per Paesi che Confinano con l'Austria

Clicka qui per fare il quiz!

Statistiche generali

  • Questo quiz è stato fatto 4.075 volte
  • Il punteggio medio è 7 su 8

Statistiche sulle risposte

Lunghezza (km)Paese% Corretto
430Italia
100%
784Germania
99%
164Svizzera
97%
330Slovenia
96%
362Repubblica Ceca
91%
91Slovacchia
89%
366Ungheria
87%
35Liechtenstein
85%

Distribuzione punteggi

Percentile per numero di risposta

Percentuale di utenti per punteggio

I tuoi punteggi nel tempo

Non hai fatto questo quiz